The Cambridge companion to Muḥammad / (Record no. 129126)
[ view plain ]
| 000 -LEADER | |
|---|---|
| fixed length control field | 02476cam a2200361 a 4500 |
| 001 - CONTROL NUMBER | |
| control field | 15911767 |
| 003 - CONTROL NUMBER IDENTIFIER | |
| control field | ARRUPE |
| 005 - DATE AND TIME OF LATEST TRANSACTION | |
| control field | 20190306085310.0 |
| 008 - FIXED-LENGTH DATA ELEMENTS--GENERAL INFORMATION | |
| fixed length control field | 090918s2010 nyuab b 001 0 eng |
| 010 ## - LIBRARY OF CONGRESS CONTROL NUMBER | |
| LC control number | 2009039058 |
| 015 ## - NATIONAL BIBLIOGRAPHY NUMBER | |
| National bibliography number | GBB006782 |
| Source | bnb |
| 016 7# - NATIONAL BIBLIOGRAPHIC AGENCY CONTROL NUMBER | |
| Record control number | 015468177 |
| Source | Uk |
| 020 ## - INTERNATIONAL STANDARD BOOK NUMBER | |
| International Standard Book Number | 9780521886079 (hardback) |
| 020 ## - INTERNATIONAL STANDARD BOOK NUMBER | |
| International Standard Book Number | 0521886074 (hardback) |
| 020 ## - INTERNATIONAL STANDARD BOOK NUMBER | |
| International Standard Book Number | 9780521713726 (pbk.) |
| 020 ## - INTERNATIONAL STANDARD BOOK NUMBER | |
| International Standard Book Number | 0521713722 (pbk.) |
| 035 ## - SYSTEM CONTROL NUMBER | |
| System control number | (OCoLC)ocn439211872 |
| 040 ## - CATALOGING SOURCE | |
| Original cataloging agency | DLC |
| Transcribing agency | DLC |
| Modifying agency | YDX |
| -- | UKM |
| -- | YDXCP |
| -- | NNG |
| -- | BWX |
| -- | ERASA |
| -- | WS2 |
| -- | CDX |
| -- | VVC |
| -- | SHH |
| -- | DLC |
| 043 ## - GEOGRAPHIC AREA CODE | |
| Geographic area code | a-su--- |
| 050 00 - LIBRARY OF CONGRESS CALL NUMBER | |
| Classification number | BP75.3 |
| Item number | .C36 2010 |
| 082 00 - DEWEY DECIMAL CLASSIFICATION NUMBER | |
| Classification number | 297.6/3 |
| Edition number | 22 |
| 300 ## - PHYSICAL DESCRIPTION | |
| Other physical details | ill., maps ; |
| Dimensions | 24 cm. |
| 245 04 - TITLE STATEMENT | |
| Title | The Cambridge companion to Muḥammad / |
| Statement of responsibility, etc | edited by Jonathan E. Brockopp. |
| 260 ## - PUBLICATION, DISTRIBUTION, ETC. (IMPRINT) | |
| Place of publication, distribution, etc | New York : |
| Name of publisher, distributor, etc | Cambridge University Press, |
| Date of publication, distribution, etc | 2010. |
| 300 ## - PHYSICAL DESCRIPTION | |
| Extent | xvii, 325 p. : |
| 490 1# - SERIES STATEMENT | |
| Series statement | Cambridge companions to religion |
| 504 ## - BIBLIOGRAPHY, ETC. NOTE | |
| Bibliography, etc | Includes bibliographical references and indexes. |
| 505 0# - FORMATTED CONTENTS NOTE | |
| Formatted contents note | Arabian context of Muḥammad's life / Walid A. Saleh -- Muḥammad's message in Mecca: warnings, signs, and miracles / Uri Rubin -- Glimpses of Muḥammad's medinan decade / Michael Lecker -- Prophet as lawgiver and legal authority / Joseph E. Lowry -- Personal piety / Robert Gleave -- Muḥammad as the pole of existence / Carl W. Ernst -- Prophet Muḥammad in ritual / Marion Holmes Katz -- Muslim philosophers' rationalist explanation of Muḥammad's prophecy / Frank Griffel -- Where earth and heaven meet: remembering Muḥammad as head of state / Asma Afsaruddin -- Muḥammad in Sūfī eyes: phophetic legitimacy in medieval Iran and Central Asia / Shahzad Bashir -- European accounts of Muḥammad's life / John V. Tolan -- Religious biography of the Prophet Muḥammad in twenty-first-century Indonesia / Anna M. Gade -- Images of Muḥammad in literature, art, and music / Amir Hussain -- Muḥammad in the future / Abdulkader Tayob |
| 600 00 - SUBJECT ADDED ENTRY--PERSONAL NAME | |
| Personal name | Muḥammad, |
| Titles and other words associated with a name | Prophet, |
| Dates associated with a name | -632 |
| General subdivision | Biography |
| -- | History and criticism. |
| 9 (RLIN) | 44988 |
| 700 1# - ADDED ENTRY--PERSONAL NAME | |
| Personal name | Brockopp, Jonathan E., |
| Dates associated with a name | 1962- |
| 9 (RLIN) | 44989 |
| 830 #0 - SERIES ADDED ENTRY--UNIFORM TITLE | |
| Uniform title | Cambridge companions to religion. |
| 9 (RLIN) | 44990 |
| 906 ## - LOCAL DATA ELEMENT F, LDF (RLIN) | |
| a | 7 |
| b | cbc |
| c | orignew |
| d | 1 |
| e | ecip |
| f | 20 |
| g | y-gencatlg |
| 942 ## - ADDED ENTRY ELEMENTS (KOHA) | |
| Source of classification or shelving scheme | Library of Congress Classification |
| Koha item type | Monograph ( Printed materials) |
| Withdrawn status | Lost status | Source of classification or shelving scheme | Damaged status | Not for loan | Collection code | Home library | Current library | Shelving location | Date acquired | Total Checkouts | Full call number | Barcode | Date last seen | Date checked out | Price effective from | Koha item type |
|---|---|---|---|---|---|---|---|---|---|---|---|---|---|---|---|---|
| Library of Congress Classification | Main Collection | ARRUPE LIBRARY | ARRUPE LIBRARY | Main Collection | 06/03/2019 | 1 | BP75.3 .C36 2010 | 46600004072 | 27/09/2022 | 08/04/2019 | 06/03/2019 | Monograph ( Printed materials) |